Symmetry groups in nuclear and particle physics : (Record no. 67312)
[ view plain ]
| 000 -LEADER | |
|---|---|
| fixed length control field | 00823nam a2200253 a 4500 |
| 001 - CONTROL NUMBER | |
| control field | 67312 |
| 003 - CONTROL NUMBER IDENTIFIER | |
| rucl marc code | BD-RjUL |
| 005 - DATE AND TIME OF LATEST TRANSACTION | |
| control field | 20211209081633.0 |
| 008 - FIXED-LENGTH DATA ELEMENTS--GENERAL INFORMATION | |
| fixed length control field | 170323s1966 nyua b 000 0 eng d |
| 035 ## - SYSTEM CONTROL NUMBER | |
| System control number | (BD-RjUL)67443 |
| 040 ## - CATALOGING SOURCE | |
| Original cataloging agency | BD-RjUL |
| Language of cataloging | eng |
| Transcribing agency | BD-RjUL |
| Modifying agency | BD-RjUL |
| 041 ## - LANGUAGE CODE | |
| Language code of text/sound track or separate title | eng |
| 082 ## - DEWEY DECIMAL CLASSIFICATION NUMBER | |
| Edition number | 23 |
| Classification number | 539.7 |
| Author mark and year | DYS 1966 |
| 100 1# - MAIN ENTRY--PERSONAL NAME | |
| Personal name | Dyson, Freeman J. |
| 9 (RLIN) | 199439 |
| 245 10 - TITLE STATEMENT | |
| Title | Symmetry groups in nuclear and particle physics : |
| Remainder of title | a lecture-note and reprint volume / |
| Statement of responsibility, etc. | Freeman J. Dyson |
| 260 ## - PUBLICATION, DISTRIBUTION, ETC. (IMPRINT) | |
| Place of publication, distribution, etc. | New York : |
| Name of publisher, distributor, etc. | W.A. Benjamin, |
| Date of publication, distribution, etc. | 1966. |
| 300 ## - PHYSICAL DESCRIPTION | |
| Pagination | xii, 320 p. : |
| Illustrations | ill. ; |
| Size | 24 cm |
| 490 ## - SERIES STATEMENT | |
| Series statement | Mathematical physics monograph series |
| 504 ## - BIBLIOGRAPHY, ETC. NOTE | |
| Bibliography, etc | Includes bibliography. |
| 650 #0 - SUBJECT ADDED ENTRY--TOPICAL TERM | |
| Topical term or geographic name as entry element | Atomic and Nuclear physics |
| 9 (RLIN) | 199401 |
| 830 #0 - SERIES ADDED ENTRY--UNIFORM TITLE | |
| Uniform title | Mathematical physics monograph series |
| 942 ## - ADDED ENTRY ELEMENTS (KOHA) | |
| Source of classification or shelving scheme | Dewey Decimal Classification |
| Koha item type | Books |
| Lost status | Source of classification or shelving scheme | Damaged status | Not for loan | Collection code | Permanent Location | Current Location | Shelving location | Date acquired | Source of acquisition | Cost, normal purchase price | Total Checkouts | Full call number | Date last seen | Copy number | Koha item type |
|---|---|---|---|---|---|---|---|---|---|---|---|---|---|---|---|
| Dewey Decimal Classification | Not For Loan | Non-fiction | Central Library, University of Rajshahi | Central Library, University of Rajshahi | Reading Room | 09/12/2021 | zeithinger | 104.60 | 539.7 DYS 1966 | 23/03/2017 | C-1 | Books |